000 003820000a22001210004500
090 _aAS
_bSeriadas
245 1 0 _aPrimeros registro de Micrasterias (<Desmidiaceae>) en lagos del río Amazonas Colombia
041 0 _aEspañol
700 1 _aDonato R., John Charles
_993339
100 1 _aDuque Escobar, Santiago
_999256
942 _cARTICULO
773 1 _tCaldasia
_345
_h2
_q354-355
_d1993
_g17
999 _c14519
_d14519